Juan Bosch : un hombre de siempre.
Spremljeno u:
| Format: | Nepoznato |
|---|---|
| Jezik: | Spanish |
| Izdano: |
Santo Domingo, República Dominicana :
Comité Pro-Homenaje a Juan Bosch,
1989.
|
| Teme: | |
| Oznake: |
Dodaj oznaku
Bez oznaka, Budi prvi tko označuje ovaj zapis!
|
MARC
| LEADER | 000000000a22000000004500 | ||
|---|---|---|---|
| 001 | 002694 | ||
| 041 | 0 | |a spa | |
| 082 | 0 | 4 | |a 987.04D |b J91j |
| 245 | 0 | 0 | |a Juan Bosch : |b un hombre de siempre. |
| 260 | 1 | |a Santo Domingo, República Dominicana : |b Comité Pro-Homenaje a Juan Bosch, |c 1989. | |
| 650 | 4 | |a BOSCH SUBIRATS, JUAN, 1909- | |
| 650 | 4 | |a EXHIBICIONES | |
| 650 | 4 | |a TRABAJOS PICTORICOS | |
| 650 | 4 | |a POLITICA Y GOBIERNO | |
| 650 | 4 | |a BIOGRAFIA | |
| 999 | |c 9062 |d 9062 | ||
| 942 | |c BK |h 987.04D J91j |2 z | ||
